000 01857nam a2200397 c 4500
003 BLK
005 20241129141238.0
008 180410b bul|||||r ||||||| ||bul||
010 _aKNG00161920000
020 _a978-954-783-171-1
_bиздат.: Locus
040 _aBLK
041 _aBUL
_cBUL
072 7 _2bullib
_aН82
_xЛитературознание Н
080 _aОраторско изкуство. Красноречие. Дебати. Публични дискусии. Психология на слушателя
_b808.51
_x(035)
_z808.51(035)
100 1 _aДжанър, Гренвил
_eпърви автор
_960561
700 1 _aПавлова, Александра
_eпрев.
_9370406
139 _aДжанър, Гренвил
_bД 49
245 1 0 _aИзкуството да говорим
_bУниверсален наръчник по словесно майсторство : С разширен компедиум от истории за преразказване
_cГренвил Джанър; прев. Александра Павлова.
257 _aGBR
260 София
_bLocus
_c2014
_fСофия : ПК Д. Благоев
300 _a456 с.
_c21 см
380 _a82
500 _aОриг. загл. Janner's Complete Speechmaker / Greville Janner. - За автора.
650 4 _aРеторика
_9169373
650 4 _aОраторско изкуство - наръчници и ръководства
_9259327
653 _aреторика
653 _aораторско изкуство
653 _aръководства
659 _aН
852 _aЦб 269300
856 4 _qpdf
_u
856 4 _qpdf
_u
942 _cKNG
_n0
_011
944 _aCR
_c11.06.2014
_lРенета Константинова
_k30546
944 _aED
_c14.10.2016
_lф /
_kПенка_Димитрова
999 _c155246
_d155246